000 00315nam a22001337a 4500
008 170914b xxu||||| |||| 00| 0 eng d
020 _a9780312255435
041 _aeng
080 _24 ED
_a7
100 _a44
101 _aART
245 _aTHE BEDFORD INTRODUCTION TO DRAMA
_cJACOBUS.L.A
942 _2udc
_cBK
999 _c27734
_d27734